La Pesca a Catalunya el 1722 segons un manuscrit de Joan Salvador i Riera / Jordi Lleonart i Josep Ma. Camarasa ..., amb la col·laboració de l'Institut de Ciències del Mar del Consell Superior d' Investigacions Científiques
MARC
| LEADER | 00000nam a2200000Ia 4500 | ||
|---|---|---|---|
| 001 | 6291 | ||
| 003 | BGR | ||
| 005 | 20260324175319.0 | ||
| 008 | 160829s1987 xx 000 0 cat d | ||
| 080 | |a C-1-283 | ||
| 100 | |a Lleonart, Jordi |9 26456 | ||
| 245 | |a La Pesca a Catalunya el 1722 segons un manuscrit de Joan Salvador i Riera / Jordi Lleonart i Josep Ma. Camarasa ..., amb la col·laboració de l'Institut de Ciències del Mar del Consell Superior d' Investigacions Científiques | ||
| 260 | |a Barcelona : |b Diputació de Barcelona, Museu Marítim, |c 1987 | ||
| 300 | |a 127 p. . il. ; |c 23 cm | ||
| 490 | |a Estudis marítims ; 1 | ||
| 590 | |a De la pg. 89 a la 106, facsímil del manuscrit. | ||
| 650 | |a Pesca |x Catalunya |x 1722 |9 26457 | ||
| 700 | |a Salvador i Riera, Joan |9 26458 | ||
| 700 | 1 | |a Camarasa, Josep M. |9 26460 | |
| 710 | |a Museu Marítim (Barcelona, Catalunya) |9 10020 | ||
| 710 | 2 | |a Institut de Ciències del Mar |9 71113 | |
| 901 | |a Arxiu | ||
| 942 | |n 1 |2 udc |c MON | ||
| 952 | |0 0 |1 0 |4 0 |6 C1283 |7 1 |9 43988 |a Arxiu |b Arxiu |d 2016-12-01 |l 0 |o C-1-283 |p 6291 |r 2016-12-01 00:00:00 |w 2016-12-01 |y ARXIU | ||
| 999 | |c 46568 |d 46568 | ||